Top 30 Richest Countries by GDP(2026 Version) - Statistics

General Stats
  • This quiz has been taken 51 times
  • The average score is 24 of 30
Answer Stats
Hint Answer % Correct
2 China
100%
1 USA
100%
3 Germany
97%
9 Russia
97%
6 UK
97%
7 France
94%
4 India
91%
5 Japan
91%
12 Spain
91%
10 Canada
88%
15 South Korea
88%
11 Brazil
84%
8 Italy
84%
14 Australia
81%
13 Mexico
81%
17 Indonesia
78%
18 Netherlands
78%
19 Saudi Arabia
78%
25 Sweden
78%
26 Argentina
75%
21 Switzerland
75%
20 Poland
72%
30 UAE
72%
16 Turkey
69%
23 Belgium
63%
28 Singapore
63%
22 Taiwan
53%
24 Ireland
50%
29 Austria
47%
27 Israel
47%
No matching quizzes found
Score Distribution
Percent of People with Each Score
Percentile by Number Answered
Your Score History
You have not taken this quiz